Daňové a odvodové zaťaženie príjmov zo závislej činnosti a príjmov z podnikania v SR a ČR diplomová práca

Guardado en:
Detalles Bibliográficos
Autor principal: Tiso, Samuel
Autor Corporativo: Fakulta podnikového manažmentu EU. Katedra podnikových financií
Otros Autores: Ďurinová, Ivona, 1964-
Formato: Libro
Lenguaje:eslovaco
Publicado: Bratislava 2023
Etiquetas: Agregar Etiqueta
Sin Etiquetas, Sea el primero en etiquetar este registro!

MARC

LEADER 00000nbm a2200000 4500
001 0293382
005 20240307114154.4
041 0 |a slo 
044 |a SK 
245 1 0 |a Daňové a odvodové zaťaženie príjmov zo závislej činnosti a príjmov z podnikania v SR a ČR  |b diplomová práca  |c Samuel Tiso ; školiteľ: Ivona Ďurinová 
264 1 |a Bratislava  |c 2023 
300 |a 146 s. 
100 1 |a Tiso, Samuel 
700 1 |a Ďurinová, Ivona, 1964- 
710 2 |a Fakulta podnikového manažmentu EU. Katedra podnikových financií